Разработка рекомендаций по расчету теплоотдачи при кипении жидкостей в каналах: отчет о НИР; Тема: х/д № 160/68

Détails bibliographiques
Collectivité auteur: Томский политехнический институт (ТПИ) (595)
Autres auteurs: Швецов Р. С. (руководитель), Беляев С. А. Сергей Александрович (исполнитель), Кузьмин А. В. Ариан Валерьевич
Langue:russe
Publié: Томск, ТПИ, 1968
TOC:Тема: х/д № 160/68;
Sujets:
Format: MixedMaterials Livre
KOHA link:https://koha.lib.tpu.ru/cgi-bin/koha/opac-detail.pl?biblionumber=180770

MARC

LEADER 00000nbm0a2200000 4500
001 180770
005 20240115112226.0
035 |a (RuTPU)RU\TPU\book\195971 
035 |a RU\TPU\book\191209 
090 |a 180770 
100 |a 20100526d1968 k y0rusy50 ca 
101 0 |a rus 
102 |a RU 
105 |a a p 001zy 
200 1 |a Разработка рекомендаций по расчету теплоотдачи при кипении жидкостей в каналах  |e отчет о НИР  |f Томский политехнический институт (ТПИ) ; науч. рук. Р. С. Швецов ; отв. исполн. С. А. Беляев ; исполн. А. В. Кузьмин 
210 |a Томск  |c ТПИ  |d 1968 
215 |a 55 л. 
320 |a Библиогр.: с. 48-54. 
464 |t Тема: х/д № 160/68 
610 1 |a отчеты о НИР 
610 1 |a теплоотдача 
610 1 |a кипение 
610 1 |a жидкости 
610 1 |a рекомендации 
610 1 |a тепловой расчет 
610 1 |a труды учёных ТПУ 
675 |a 621.1.036.2(048)  |v 3 
702 1 |a Швецов  |b Р. С.  |4 673 
702 1 |a Беляев  |b С. А.  |c российский инженер-теплоэнергетик  |c доцент Томского политехнического университета  |c кандидат технических наук  |f 1942-  |g Сергей Александрович  |3 (RuTPU)RU\TPU\pers\27762  |4 677 
702 1 |a Кузьмин  |b А. В.  |c специалист в области теплоэнергетики  |c доцент Томского политехнического университета, кандидат технических наук  |f 1942-  |g Ариан Валерьевич  |3 (RuTPU)RU\TPU\pers\25529  |4 677  |9 11459 
712 0 2 |a Томский политехнический институт (ТПИ)  |c (1944-1991)  |3 (RuTPU)RU\TPU\col\1123  |4 595 
801 1 |a RU  |b 63413507  |c 20100227 
801 2 |a RU  |b 63413507  |c 20150428  |g RCR 
942 |c BK